000 00414nam a22001697a 4500
008 170411b xxu||||| |||| 00| p tur d
020 _a9754184577
041 _atur
050 _aPL248.A485
100 _9415
_aSabri Altınel
245 _aSeçme Şiirler
250 _a1. Baskı
260 _aİstanbul
_bAdam Yayınları
_cEkim 1997
300 _a63 sayfa
650 0 _9145
_aTürk Edebiyatı
942 _2lcc
_cBK
999 _c474
_d469